| 000 | 00526nam a22001817a 4500 | ||
|---|---|---|---|
| 003 | CEME | ||
| 005 | 20210628205431.0 | ||
| 008 | 210316b xxu||||| |||| 00| 0 eng d | ||
| 020 | _a1-56205-583-6 | ||
| 040 | _c. | ||
| 082 | _a005.44 ECK'I | ||
| 100 |
_aEckel, George _975536 |
||
| 245 | _aInside windows nt workstation successfully implement,optimize and troubleshoot windows nt workstation | ||
| 260 |
_aINDIANA _bNEW RIDERS _c1996 |
||
| 300 | _aXVI, 554P | ||
| 650 |
_aWINDOWS NT WORKSTATION _975537 |
||
| 942 |
_cBK _2ddc |
||
| 999 |
_c580936 _d580936 |
||